[Event "Oberstdorf Tiefenbach op"]
[Site "Oberstdorf"]
[Date "1999.??.??"]
[Round "?"]
[White "Angerer, Michael"]
[Black "Pehlgrim, Andreas"]
[Result "0-1"]
[WhiteElo "1940"]
[BlackElo "2180"]
[PlyCount "64"]
[EventDate "1999.??.??"]
[EventType "swiss"]
[EventRounds "9"]
[EventCountry "GER"]
[SourceTitle "EXT 2001"]
[Source "ChessBase"]
[SourceDate "2000.11.22"]
[SourceVersion "1"]
[SourceVersionDate "2000.11.22"]
[SourceQuality "1"]

1. e4 d6 2. d4 Nf6 3. Nc3 c6 4. f3 b5 5. Be3 Bb7 6. Qd2 Nbd7 7. 0-0-0 e5 8. h4 Be7 9. Nh3 Qa5 10. Kb1 b4 11. Ne2 Nb6 12. Nc1 exd4 13. Bxd4 c5 14. Nb3 Qa4 15. Be3 0-0 16. Qf2 a5 17. Qg3 Rfd8 18. h5 Qc6 19. h6 g6 20. Nf2 Bc8 21. Bg5 Be6 22. Qh4 Nbd7 23. e5 dxe5 24. Ne4 Bxb3 25. axb3 a4 26. Bc4 axb3 27. cxb3 Ra7 28. Rxd7 Rdxd7 29. Bxf6 Qa8 30. Bxe7 Ra1+ 31. Kc2 Rxh1 32. Qf6 Rc1+ 0-1

[Event "Oberstdorf Tiefenbach op"]
[Site "Oberstdorf"]
[Date "1999.??.??"]
[Round "?"]
[White "Maugg, Ludwig"]
[Black "Angerer, Michael"]
[Result "1-0"]
[WhiteElo "2160"]
[BlackElo "1940"]
[PlyCount "39"]
[EventDate "1999.??.??"]
[EventType "swiss"]
[EventRounds "9"]
[EventCountry "GER"]
[SourceTitle "EXT 2001"]
[Source "ChessBase"]
[SourceDate "2000.11.22"]
[SourceVersion "1"]
[SourceVersionDate "2000.11.22"]
[SourceQuality "1"]

1. d4 Nf6 2. c4 c5 3. d5 e6 4. Nc3 exd5 5. cxd5 d6 6. e4 g6 7. Bd3 Bg7 8. h3 0-0 9. Nf3 Re8 10. 0-0 Na6 11. Re1 Nc7 12. a4 b6 13. Bf4 Nh5 14. Bh2 Bf8 15. Bc4 Rb8 16. e5 a6 17. g4 Ng7 18. Ne4 dxe5 19. Nxe5 Bd7 20. Nxd7 1-0

[Event "AUT-chT2O 9899"]
[Site "Austria"]
[Date "1998.??.??"]
[Round "1"]
[White "Angerer, Michael"]
[Black "Holzer, Gerhard"]
[Result "0-1"]
[WhiteElo "2085"]
[BlackElo "2255"]
[PlyCount "78"]
[EventDate "1998.10.??"]
[EventType "team"]
[EventRounds "11"]
[EventCountry "AUT"]
[SourceTitle "EXT 2000"]
[Source "ChessBase"]
[SourceDate "1999.11.16"]
[SourceVersion "1"]
[SourceVersionDate "1999.11.16"]
[SourceQuality "1"]

1. e4 d6 2. Nf3 g6 3. Bc4 Bg7 4. c3 c6 5. Bb3 Nf6 6. d3 Nbd7 7. Bxf7+ Kxf7 8. Qb3+ d5 9. Be3 Kg8 10. c4 e6 11. Nc3 h6 12. cxd5 cxd5 13. exd5 Nxd5 14. Nxd5 exd5 15. Qxd5+ Kh7 16. h4 Nb6 17. Qb3 Bg4 18. Ng5+ hxg5 19. hxg5+ Bh5 20. g4 Qd5 21. Qxd5 Nxd5 22. gxh5 gxh5 23. Rxh5+ Kg6 24. Rxh8 Rxh8 25. 0-0-0 a6 26. a3 Rh2 27. d4 Kf5 28. Rd3 Bf8 29. b4 Be7 30. b5 Nxe3 31. fxe3 Ke4 32. Rb3 a5 33. g6 Rg2 34. b6 Rxg6 35. Rb5 Bxa3+ 36. Kc2 Rg2+ 37. Kb1 Bb4 38. Re5+ Kd3 39. d5 Bc3 0-1

[Event "Oberwart op"]
[Site "Oberwart"]
[Date "1996.??.??"]
[Round "1"]
[White "Volkmann, Friedrich Karl"]
[Black "Angerer, Michael"]
[Result "1-0"]
[WhiteElo "2380"]
[BlackElo "1920"]
[PlyCount "65"]
[EventDate "1996.07.??"]
[EventType "swiss"]
[EventRounds "9"]
[EventCountry "AUT"]
[SourceTitle "CBM 053 Extra"]
[Source "ChessBase"]
[SourceDate "1996.09.01"]
[SourceVersion "1"]
[SourceVersionDate "1996.09.01"]
[SourceQuality "1"]

1. e4 c5 2. Nf3 Nc6 3. Nc3 a6 4. d4 cxd4 5. Nxd4 Nf6 6. Nxc6 bxc6 7. e5 Nd5 8. Nxd5 cxd5 9. Qxd5 Rb8 10. Bc4 e6 11. Qd4 Qa5+ 12. c3 Qc7 13. 0-0 Bc5 14. Qg4 Kf8 15. b3 h5 16. Qf4 Bb7 17. Be3 Be7 18. h4 Rg8 19. Qd4 g5 20. hxg5 Bxg5 21. Qc5+ Qxc5 22. Bxc5+ Ke8 23. f3 h4 24. Kf2 Bf4 25. Bd4 Bg3+ 26. Ke3 f5 27. Rh1 Rg6 28. Rad1 d6 29. exd6 Kd7 30. Ke2 Rc8 31. Bf2 Bxd6 32. Rxh4 e5 33. Rh7+ 1-0